000 00782nam a2200265Ia 4500
003 OSt
005 20220918191054.0
006 a|||||r|||| 00| 0
007 ta
008 220917b |||||||| |||| 00| 0 eng d
024 _a61,285
037 _cTextual
040 _aARTS
_cARTS
_beng
041 _2eng
_aeng
082 _aQ60m8:g, L9
100 _aVrijhof Pieter H ed
_974818
245 0 _aOffical and popular religion
_b analysis of theme for religious studies
260 _aThe
_bHague Mouton
_c1979
300 _axiv,739p.
_ccm.
490 _aReligion and society; 19
650 _aRELIGION
700 _a Waardenburg Jacques ed
_974819
942 _hQ60m8:g, L9
_cTEXL
_2CC
999 _c188147
_d188147